Marcatori dell'Italia agli Europei - Europa 2020 - Statistics

Statistiche generali
  • Questo quiz è stato fatto 118 volte
  • Il punteggio medio è 11 su 12
Statistiche sulle risposte
Partita Minuto Marcatore % Corretto
Turchia - Italia 0-3 66' Ciro Immobile
99%
Italia - Svizzera 3-0 89' Ciro Immobile
99%
Italia - Inghilterra 4-3 (d.c.r.) 67' Leonardo Bonucci
98%
Turchia - Italia 0-3 79' Lorenzo Insigne
98%
Belgio - Italia 1-2 44' Lorenzo Insigne
98%
Italia - Austria 2-1 (d.t.s.) 95' Federico Chiesa
97%
Italia - Spagna 5-3 (d.c.r.) 60' Federico Chiesa
97%
Belgio - Italia 1-2 31' Nicolò Barella
89%
Italia - Svizzera 3-0 26' Manuel Locatelli
88%
Italia - Svizzera 3-0 52' Manuel Locatelli
88%
Italia - Galles 1-0 39' Matteo Pessina
88%
Italia - Austria 2-1 (d.t.s.) 105' Matteo Pessina
88%
Nessun quiz corrispondente trovato
Distribuzione punteggi
Percentuale di utenti per punteggio
Percentile per numero di risposta
I tuoi punteggi nel tempo
Non hai fatto questo quiz